000 00338nam a2200169Ia 4500
100 _aYaghmour/Karim
650 _aAndroid
942 _cBK
366 _f20
654 _aandroid
245 _aEmbedded Android
260 _bOreilly
_c2013
082 _a5.133
_bYAG
300 _a385
546 _aENGLISH
_celectronics
999 _c27114
_d27114